00605nam a2200181Ia 4500008004100000041000800041082001500049100002100064245003700085260003900122300000900161500002100170500002300191650002500214700002100239999001700260952014600277230125s9999 xx 000 0 und d aeng a658.5bGOA aGoal B S9112237 aProduction operations management c1997bPragati publicationsaMeerut a544p aMoney management aRisk management;FM aFinancial Management aGoal B S9112237 c89193d89193 00104070aHIMRbHIMRd2002-03-23eCrosswordg295.00l0o658.5 GOA B03029pHIMR-BK-3029r2023-01-25 00:00:00v295.00w2002-03-23yBKzB03029